[Event "Elancourt op"]
[Site "Elancourt"]
[Date "2005.04.23"]
[Round "1"]
[White "Le Scraigne, Eric"]
[Black "Bogdanov, Emil"]
[Result "0-1"]
[WhiteElo "1740"]
[BlackElo "2250"]
[PlyCount "50"]
[EventDate "2005.04.23"]
[EventType "swiss"]
[EventRounds "9"]
[EventCountry "FRA"]
[SourceTitle "CBM 105 Extra"]
[Source "ChessBase"]
[SourceDate "2005.05.01"]
[SourceVersion "1"]
[SourceVersionDate "2005.05.01"]
[SourceQuality "1"]

1. d4 Nf6 2. Nf3 e6 3. c4 b6 4. a3 Ba6 5. Qc2 c5 6. Bg5 cxd4 7. Nxd4 Bc5 8. e3 h6 9. Bh4 0-0 10. Nc3 Bb7 11. b4 Be7 12. f3 a5 13. Rb1 axb4 14. axb4 Na6 15. Na2 d5 16. c5 bxc5 17. Bxa6 Bxa6 18. bxc5 Qa5+ 19. Kf2 Qxc5 20. Qd2 Ng4+ 21. fxg4 Bxh4+ 22. g3 Bg5 23. Rhc1 Bc4 24. Rb2 Ra3 25. Nb3 Qa7 0-1

[Event "Saint Quentin op 6th"]
[Site "Elancourt"]
[Date "2003.04.19"]
[Round "9"]
[White "Le Scraigne, Eric"]
[Black "Duval, Dominique"]
[Result "0-1"]
[WhiteElo "1670"]
[BlackElo "1760"]
[PlyCount "96"]
[EventDate "2003.04.12"]
[EventType "swiss"]
[EventRounds "9"]
[EventCountry "FRA"]
[SourceTitle "CBM 093 Extra"]
[Source "ChessBase"]
[SourceDate "2003.05.09"]
[SourceVersion "1"]
[SourceVersionDate "2003.05.09"]
[SourceQuality "1"]

1. e4 c5 2. Nf3 a6 3. a4 Nc6 4. Nc3 d6 5. g3 Bg4 6. Bg2 Nf6 7. d3 e6 8. 0-0 Be7 9. Qe1 Nb4 10. Qd2 0-0 11. d4 Bxf3 12. Bxf3 cxd4 13. Ne2 d5 14. exd5 e5 15. Bg2 Rc8 16. c4 Rxc4 17. Qd1 Nfxd5 18. Bd2 Qb6 19. Bxb4 Nxb4 20. Qb3 Rfc8 21. Rfc1 Rxc1+ 22. Nxc1 Bc5 23. Nd3 Nxd3 24. Qxd3 Rc7 25. b3 g6 26. Bd5 Qd6 27. Bc4 Kg7 28. Re1 f5 29. f3 Qf6 30. Kg2 Re7 31. Re2 h5 32. h4 Qc6 33. Kh2 Qf6 34. Qc2 f4 35. Qe4 fxg3+ 36. Kxg3 Qf4+ 37. Kg2 Qxe4 38. fxe4 a5 39. Rc2 b6 40. Rc1 Rd7 41. Bd5 Rd6 42. Rf1 Rf6 43. Rxf6 Kxf6 44. Bc4 g5 45. hxg5+ Kxg5 46. Bd3 h4 47. Kh3 Be7 48. Bb1 Kf4 0-1

[Event "Saint Quentin op 5th"]
[Site "Saint Quentin"]
[Date "2002.??.??"]
[Round "3"]
[White "Le Scraigne, Eric"]
[Black "Plantet, Marc"]
[Result "0-1"]
[WhiteElo "1600"]
[BlackElo "1920"]
[PlyCount "88"]
[EventDate "2002.04.21"]
[EventType "swiss"]
[EventRounds "9"]
[EventCountry "FRA"]
[SourceTitle "CBM 088 Extra"]
[Source "ChessBase"]
[SourceDate "2002.07.01"]
[SourceVersion "2"]
[SourceVersionDate "2002.07.01"]
[SourceQuality "1"]

1. d4 d5 2. Nf3 Nf6 3. c4 c6 4. Nc3 dxc4 5. a4 Bf5 6. Ne5 e6 7. g3 Bb4 8. Bg2 Nd5 9. Bd2 Qb6 10. e3 Bd6 11. Nxc4 Qc7 12. Nxd6+ Qxd6 13. 0-0 Bd3 14. Re1 Nb4 15. Ne4 Bxe4 16. Bxe4 Nd7 17. Qb3 Nd5 18. Rac1 Rb8 19. Qc2 N7f6 20. Bg2 Ne7 21. Bc3 0-0 22. e4 Qd7 23. Qe2 Rfe8 24. Qe3 h6 25. d5 Ng4 26. Qf3 exd5 27. h3 d4 28. Bd2 Ne5 29. Qb3 b5 30. Bf4 N7g6 31. Bxe5 Nxe5 32. Red1 d3 33. Qc3 bxa4 34. f4 Rb3 35. Qd2 Qd4+ 36. Kh2 Rxb2 37. Qc3 Nf3+ 38. Kh1 Qf2 39. Qxb2 Qxb2 40. Bxf3 c5 41. Rb1 Qd4 42. e5 c4 43. Bc6 Rc8 44. Bxa4 c3 0-1

[Event "Saint Quentin op 5th"]
[Site "Saint Quentin"]
[Date "2002.??.??"]
[Round "7"]
[White "Le Scraigne, Eric"]
[Black "Rodriguez, Jean Pierre"]
[Result "1/2-1/2"]
[WhiteElo "1600"]
[BlackElo "1380"]
[PlyCount "46"]
[EventDate "2002.04.21"]
[EventType "swiss"]
[EventRounds "9"]
[EventCountry "FRA"]
[SourceTitle "CBM 088 Extra"]
[Source "ChessBase"]
[SourceDate "2002.07.01"]
[SourceVersion "2"]
[SourceVersionDate "2002.07.01"]
[SourceQuality "1"]

1. d4 e6 2. Nf3 d5 3. c4 Nf6 4. Nc3 Be7 5. e3 0-0 6. Bd3 Nbd7 7. 0-0 c5 8. Qe2 Re8 9. e4 cxd4 10. Nxd4 Ne5 11. exd5 Nxd3 12. Qxd3 exd5 13. Rd1 Bc5 14. Nb3 Bb6 15. c5 Bc7 16. h3 h6 17. Be3 Be6 18. Nb5 Be5 19. N5d4 Ne4 20. Nxe6 fxe6 21. Bd4 Qf6 22. Rf1 Qf4 23. Bxe5 Qxe5 1/2-1/2

[Event "Saint Quentin op 4th"]
[Site "Saint Quentin"]
[Date "2001.04.18"]
[Round "5.50"]
[White "Ducloux, Johan"]
[Black "Le Scraigne, Eric"]
[Result "0-1"]
[WhiteElo "1180"]
[BlackElo "1590"]
[PlyCount "114"]
[EventDate "2001.04.15"]
[EventType "swiss"]
[EventRounds "9"]
[EventCountry "FRA"]
[SourceTitle "EXT 2002"]
[Source "ChessBase"]
[SourceDate "2001.11.25"]
[SourceVersion "1"]
[SourceVersionDate "2001.11.25"]
[SourceQuality "1"]

1. e4 e5 2. Nf3 Nc6 3. Bc4 Nf6 4. Nc3 Be7 5. Ng5 0-0 6. d3 d6 7. Be3 h6 8. h4 Nh7 9. Qh5 Bxg5 10. Bxg5 Nxg5 11. hxg5 Qxg5 12. Qxg5 hxg5 13. Nd5 Be6 14. Nxc7 Nd4 15. 0-0-0 Rac8 16. Nd5 Bxd5 17. exd5 b5 18. c3 bxc4 19. cxd4 cxd3+ 20. Kd2 e4 21. Ke3 Rfe8 22. Rc1 f5 23. g3 Kf7 24. Rc6 Rxc6 25. dxc6 d5 26. a4 Rc8 27. Rc1 f4+ 28. Kd2 a5 29. Rc5 Ke6 30. f3 fxg3 31. fxe4 g2 32. exd5+ Kd6 33. Rc1 Kxd5 34. Kxd3 Rxc6 35. Re1 Re6 36. Rg1 Re4 37. Rxg2 Rxd4+ 38. Kc3 g4 39. b3 Rb4 40. Rd2+ Ke4 41. Rd7 g3 42. Rd3 Kf4 43. Rd7 Kf3 44. Rxg7 g2 45. Rf7+ Rf4 46. Rg7 Kf2 47. Rxg2+ Kxg2 48. Kb2 Kf2 49. Ka3 Ke2 50. Ka2 Kd2 51. Ka3 Kc2 52. Ka2 Kc3 53. Ka3 Re4 54. b4 Rxb4 55. Ka2 Rxa4+ 56. Kb1 Ra3 57. Kc1 Ra1# 0-1

[Event "Saint Quentin op 4th"]
[Site "Saint Quentin"]
[Date "2001.04.16"]
[Round "3.51"]
[White "Le Scraigne, Eric"]
[Black "Dubos, Jean Luc"]
[Result "1-0"]
[WhiteElo "1590"]
[BlackElo "1300"]
[PlyCount "81"]
[EventDate "2001.04.15"]
[EventType "swiss"]
[EventRounds "9"]
[EventCountry "FRA"]
[SourceTitle "EXT 2002"]
[Source "ChessBase"]
[SourceDate "2001.11.25"]
[SourceVersion "1"]
[SourceVersionDate "2001.11.25"]
[SourceQuality "1"]

1. d4 Nf6 2. Nf3 g6 3. c4 Bg7 4. Nc3 d6 5. Bf4 0-0 6. e3 Nbd7 7. Be2 c5 8. d5 Nb6 9. 0-0 Re8 10. h3 a6 11. e4 Bd7 12. Qc2 Nc8 13. a4 e6 14. dxe6 fxe6 15. Rfd1 Bc6 16. Bxd6 Nxe4 17. Be5 Ncd6 18. Bxg7 Kxg7 19. Nxe4 Bxe4 20. Qc3+ Kg8 21. Qe5 Qc7 22. Qxd6 Qxd6 23. Rxd6 Re7 24. Ne5 Kg7 25. Re1 Rc8 26. Bf3 Bxf3 27. Nxf3 Rc6 28. Rxc6 bxc6 29. Ne5 Rb7 30. Re2 Kf6 31. Nxc6 Rb6 32. Ne5 Rd6 33. Ng4+ Ke7 34. Ne3 Kd7 35. Kf1 Rd4 36. Ke1 e5 37. Rd2 Kd6 38. Nc2 Rxd2 39. Kxd2 h6 40. Ke3 Ke6 41. Ke4 1-0